| 000 | 00662nam a2200241Ia 4500 | ||
|---|---|---|---|
| 003 | OSt | ||
| 005 | 20220918210450.0 | ||
| 006 | a|||||r|||| 00| 0 | ||
| 007 | ta | ||
| 008 | 220917b |||||||| |||| 00| 0 eng d | ||
| 024 | _a120,649 | ||
| 037 | _cTextual | ||
| 040 |
_aARTS _cARTS _beng |
||
| 041 |
_2eng _aeng |
||
| 082 | _aV691.M, L8 | ||
| 100 |
_aBrown Mervyn _9118352 |
||
| 245 | 0 |
_aMadagrascar redicovered _b A history from early times to independence |
|
| 260 |
_aLondon _bDamien Tunnacliffe _c1978 |
||
| 300 |
_avii, 310p. _ccm. |
||
| 650 | _aHISTORY | ||
| 942 |
_hV691.M, L8 _cTEXL _2CC |
||
| 999 |
_c243907 _d243907 |
||